| 000 | 00718nam a2200241Ia 4500 | ||
|---|---|---|---|
| 005 | 20241129105802.0 | ||
| 008 | 210716s1989 xx 000 0 und d | ||
| 020 | _a0876926715 | ||
| 040 | _cAIMIT LIBRARY | ||
| 041 | _aeng | ||
| 082 |
_a005.74 _22 _bLOOM |
||
| 100 |
_aLoomis, Mary E S. _947194 |
||
| 245 |
_aData management and file processing / _cBy Mary E. S. Loomis. |
||
| 250 | _a2nd ed. | ||
| 260 |
_aNew Delhi : _bPHI Learning Pvt Ltd. , _c1989 . |
||
| 300 |
_axix, 490p. ; _bPB _c24 cm. |
||
| 650 |
_aArrays and records _947195 |
||
| 650 |
_aQueues and graphs _947196 |
||
| 650 |
_aRecords _9187197 |
||
| 650 |
_alinked lists _9187198 |
||
| 650 |
_aGraphs _9187199 |
||
| 942 |
_2ddc _cBK _e2nd _k005.74 LOOM |
||
| 999 |
_c182446 _d182446 |
||